[Event "AUTO-ADV-607"]
[Site "http://www.queenalice.com/game.php?id=255303"]
[Date "2007.8.14"]
[Round "1"]
[White "josecastroman"]
[Black "AwesomO"]
[Result "0-1"]
[WhiteElo "1704"]
[BlackElo "1935"]

1. e4 e5 2. Nf3 Nc6 3. Bc4 g5 4. h3 Bc5 5. Nc3 Na5 6. d3 f6 7. a3 Nxc4 8. dxc4
Ne7 9. g4 d6 10. Qe2 Be6 11. Bd2 h5 12. gxh5 Rxh5 13. Qf1 Kd7 14. O-O-O Qh8 15.
Nd5 Nxd5 16. cxd5 Bxh3 17. Qb5+ Kc8 18. Qe2 Bg4 19. Rhg1 Rh3 20. Rxg4 Qh5 21.
Rdg1 c6 22. dxc6 bxc6 23. R4g3 g4 24. Rxg4 d5 25. Qa6+ Kc7 26. Rg7+ Kd6 27. Qb7
Qe8 28. Rf7 Rxf3 29. Rgg7 Rd8 30. Qc7+ Ke6 31. Be3 d4 32. Bg5 Rxf2 33. Bh4 Rf4
34. Bg3 Rxe4 35. Kb1 d3 36. cxd3 Rxd3 37. Rh7 Rxg3 0-1

[Event "AUTO-ADV-607"]
[Site "http://www.queenalice.com/game.php?id=255304"]
[Date "2007.8.14"]
[Round "1"]
[White "AwesomO"]
[Black "josecastroman"]
[Result "0-1"]
[WhiteElo "1947"]
[BlackElo "1738"]

1. e4 e5 2. Nf3 Nc6 3. Nc3 Bc5 4. h3 Nf6 5. a3 d6 6. b4 Bb6 7. Bb5 Bd7 8. O-O h6
9. Bb2 Qe7 10. Nd5 Nxd5 11. exd5 Nb8 12. Bc4 c6 13. Re1 O-O 14. Re4 Kh8 15. d4
f5 16. Re3 e4 17. Qe2 Qf6 18. Nd2 Bxd4 19. Bxd4 Qxd4 20. Nb3 Qf6 21. Rf1 cxd5
22. Bxd5 Bc6 23. Bc4 a6 24. Rd1 Rd8 25. Bd5 Bxd5 26. Rxd5 Nc6 27. Qh5 Ne7 28.
Rd2 Rac8 29. g4 fxg4 30. Qxg4 d5 31. Rg3 Rg8 32. Qd1 b6 33. Qf1 b5 34. Qd1 Rgd8
35. Nc5 Nf5 36. Nb7 Nxg3 37. Nxd8 Rxd8 38. fxg3 d4 39. c3 d3 40. h4 Qxc3 41. Qe1
Qd4+ 42. Kh2 e3 43. Ra2 d2 44. Ra1 dxe1=Q 0-1

[Event "AUTO-ADV-607"]
[Site "http://www.queenalice.com/game.php?id=255321"]
[Date "2007.8.14"]
[Round "1"]
[White "AwesomO"]
[Black "holandes"]
[Result "1-0"]
[WhiteElo "1906"]
[BlackElo "1597"]

1. e4 e5 2. Qh5 Nc6 3. Bd3 g6 4. Qe2 Nd4 5. Qd1 Qg5 6. g3 a6 7. h4 Qf6 8. c3 Nc6
9. Qa4 Bc5 10. Nh3 d6 11. b4 Ba7 12. Be2 Bd7 13. b5 axb5 14. Bxb5 Bxf2+ 15. Nxf2
Rxa4 16. Bxa4 Nge7 17. O-O g5 18. Ng4 Qe6 19. Ne3 gxh4 20. gxh4 Rg8+ 21. Kf2 Qh3
22. d4 Qg3+ 23. Ke2 Bg4+ 24. Kd3 Qxh4 25. Nd2 Kd8 26. d5 Na5 27. Rxf7 Qe1 28.
Nxg4 Rxg4 29. Rf8# 1-0

[Event "AUTO-ADV-607"]
[Site "http://www.queenalice.com/game.php?id=255322"]
[Date "2007.8.14"]
[Round "1"]
[White "holandes"]
[Black "AwesomO"]
[Result "0-1"]
[WhiteElo "1647"]
[BlackElo "1912"]

1. e4 e5 2. c3 Nc6 3. d4 Nf6 4. d5 Nb8 5. Bg5 h6 6. Bxf6 Qxf6 7. b4 a5 8. a3
axb4 9. cxb4 Bxb4+ 10. Nd2 Rxa3 11. Nf3 Qf4 12. Rb1 Qxe4+ 13. Be2 Bxd2+ 14. Kxd2
Qxd5+ 15. Ke1 Qa5+ 16. Nd2 Nc6 17. Rb5 Ra1 18. Rb1 Rxb1 19. Qxb1 d6 20. Qd3 O-O
21. f3 Nd4 22. Kf2 Bf5 23. Qe3 Ra8 24. Rb1 Bxb1 25. Nxb1 Qb6 26. Bd3 Ne6 27.
Qxb6 cxb6 28. Be4 Ra1 29. Ke2 b5 30. Nd2 Nc5 31. Bd5 b4 32. Ke3 Ra3+ 33. Kf2 b3
34. Nc4 Ra2+ 35. Ke3 b2 36. Nd2 Ra1 0-1

[Event "AUTO-ADV-607"]
[Site "http://www.queenalice.com/game.php?id=255323"]
[Date "2007.8.14"]
[Round "1"]
[White "AwesomO"]
[Black "charles31"]
[Result "1-0"]
[WhiteElo "1896"]
[BlackElo "1749"]

1. e4 e5 2. Nf3 d6 3. Nc3 Be6 4. d4 exd4 5. Qxd4 Nc6 6. Bb5 Qd7 7. Qa4 a6 8. O-O
Be7 9. Nd4 Nf6 10. Nxc6 bxc6 11. Bxc6 Rb8 12. Bxd7+ Bxd7 13. Qxa6 O-O 14. Qa5 c6
15. e5 dxe5 16. Qxe5 Rbe8 17. Rd1 Bb4 18. Qg3 Bg4 19. Rf1 Re6 20. Bg5 Bh5 21.
Bxf6 Rxf6 22. Qh4 Bg6 23. Qxb4 Re8 24. a4 Bxc2 25. a5 Rfe6 26. a6 Bd3 27. a7 Ra8
28. Qb7 Ree8 29. Qxc6 Rec8 30. Qxc8+ 1-0

[Event "AUTO-ADV-607"]
[Site "http://www.queenalice.com/game.php?id=255324"]
[Date "2007.8.14"]
[Round "1"]
[White "charles31"]
[Black "AwesomO"]
[Result "0-1"]
[WhiteElo "1749"]
[BlackElo "1917"]

1. e4 e5 2. d3 c5 3. Nf3 d6 4. h3 Nf6 5. Be3 Qb6 6. b3 Qb4+ 7. Bd2 Qb6 8. Bc3
Be7 9. Nbd2 O-O 10. Nh4 h5 11. Qxh5 Nxh5 12. Nc4 Qc6 13. O-O-O Bxh4 14. g3 Bg5+
15. Kb1 f5 16. Bg2 f4 17. g4 Nf6 18. f3 b6 19. h4 d5 20. Nxe5 Qd6 21. hxg5 Nfd7
22. Nxd7 Bxd7 23. Rh2 dxe4 24. fxe4 f3 25. Bxf3 Qxh2 26. Bh1 Qe2 27. Rc1 Rf1 28.
e5 Rxc1+ 29. Kb2 Qxc2+ 30. Ka3 Rxh1 31. Bb2 b5 32. d4 b4# 0-1

[Event "AUTO-OPEN-677"]
[Site "http://www.queenalice.com/game.php?id=292021"]
[Date "2007.10.24"]
[Round "2"]
[White "Blackadder"]
[Black "AwesomO"]
[Result "1-0"]
[WhiteElo "1981"]
[BlackElo "1998"]

1. e4 e5 2. Nf3 Nc6 3. Nc3 Nf6 4. Bc4 a6 5. O-O b5 6. Bd5 Bb7 7. d3 b4 8. Ne2
Nxd5 9. exd5 Na5 10. Nxe5 Bxd5 11. Nf4 Bb7 12. Nxf7 Kxf7 13. Qh5+ g6 14. Qxa5
Bd6 15. Re1 Qf6 16. Nh3 Rhe8 17. Bg5 Qxb2 18. Qa4 Qc3 19. Qxd7+ Kf8 20. Bh6+ Kg8
21. Rxe8+ Bf8 22. Rae1 Bc6 23. Rxf8+ Rxf8 24. Qe6+ Kh8 25. Bxf8 Bd5 26. Qe5+ 1-0

[Event "AUTO-OPEN-677"]
[Site "http://www.queenalice.com/game.php?id=292022"]
[Date "2007.10.24"]
[Round "2"]
[White "AwesomO"]
[Black "Blackadder"]
[Result "1-0"]
[WhiteElo "1982"]
[BlackElo "1968"]

1. e4 Nc6 2. Nc3 e5 3. Nf3 Nf6 4. g3 Bc5 5. Bb5 O-O 6. Bxc6 dxc6 7. Nxe5 Re8 8.
f4 Bh3 9. Qf3 Bd4 10. g4 Bxe5 11. fxe5 Bxg4 12. Qf4 Nd7 13. Qxg4 Nxe5 14. Qg3 f5
15. d3 fxe4 16. Nxe4 c5 17. Bh6 Re7 18. Bg5 1-0

[Event "AUTO-ADV-607"]
[Site "http://www.queenalice.com/game.php?id=293337"]
[Date "2007.10.26"]
[Round "2"]
[White "AwesomO"]
[Black "jalvez"]
[Result "0-1"]
[WhiteElo "1981"]
[BlackElo "1956"]

1. e4 e5 2. b3 Nc6 3. Bb2 Bc5 4. Nf3 d6 5. Nc3 Nf6 6. Be2 a6 7. O-O Be6 8. a3
Nd4 9. Ng5 Bd7 10. Bd3 h6 11. Nf3 Bg4 12. Be2 Nxe2+ 13. Qxe2 Nh5 14. h3 Nf4 15.
Qd1 Bh5 16. b4 Ba7 17. h4 Qf6 18. g3 Ne6 19. Kg2 Nd4 20. Nd5 Bxf3+ 21. Kh2 Bxd1
22. Nxf6+ gxf6 23. Raxd1 Ne6 24. f4 Rg8 25. f5 Nd4 26. c3 Nc6 27. d4 exd4 28.
cxd4 O-O-O 29. d5 Ne5 30. Kh3 h5 31. Rf2 Bxf2 32. Kg2 Bxg3 33. Kh3 Rg4 0-1

[Event "AUTO-ADV-607"]
[Site "http://www.queenalice.com/game.php?id=293338"]
[Date "2007.10.26"]
[Round "2"]
[White "jalvez"]
[Black "AwesomO"]
[Result "1-0"]
[WhiteElo "1988"]
[BlackElo "1964"]

1. e4 e5 2. Nf3 Bd6 3. Bc4 a6 4. a3 b5 5. Ba2 Bb7 6. d3 Nf6 7. Bg5 O-O 8. O-O h6
9. Bh4 g5 10. Bg3 Nc6 11. Nc3 Ne8 12. Nd2 Ng7 13. Nd5 h5 14. h3 h4 15. Bh2 a5
16. Qg4 b4 17. Nc4 Nd4 18. Nde3 a4 19. Nxd6 cxd6 20. axb4 Kh7 21. c3 Nb5 22. Bd5
Bxd5 23. Nxd5 Kg6 24. f4 f5 25. exf5+ Nxf5 26. fxg5 Nc7 27. Qe4 Nxd5 28. Qxd5
Qxg5 29. Rf3 Ne3 30. Qe4+ Rf5 31. Rxe3 Rf8 32. Qg4 Rf2 33. Qxg5+ Kxg5 34. Rf3
R2xf3 35. gxf3 Rxf3 36. b5 Rxh3 37. b6 Rf3 38. Rxa4 Rf8 39. Kg2 Rb8 40. Bg1 d5
41. Be3+ Kf5 42. Rb4 e4 43. dxe4+ dxe4 44. b7 d5 45. Ba7 h3+ 46. Kxh3 Rxb7 47.
Rxb7 Kf4 48. Rf7+ 1-0

[Event "A-O SE invitionl"]
[Site "http://www.queenalice.com/game.php?id=323236"]
[Date "2007.12.20"]
[Round "1"]
[White "Ginormous"]
[Black "AwesomO"]
[Result "0-1"]
[WhiteElo "1380"]
[BlackElo "1951"]

1. e4 c5 2. Nf3 Nc6 3. d4 d5 4. Nc3 dxe4 5. Nxe4 cxd4 6. Bb5 Qd5 7. Qd3 Bf5 8.
Nfd2 Nf6 9. c4 Qe6 10. f3 a6 11. Bxc6+ Qxc6 12. Qxd4 g6 13. Nxf6+ Qxf6 14. Qd5
Rb8 15. O-O Bh6 16. Ne4 Bxe4 17. Qxe4 Bxc1 18. Rfxc1 Qxb2 19. c5 O-O 20. c6 Rfc8
21. h3 Rxc6 22. Rxc6 Qxa1+ 23. Kh2 bxc6 0-1

[Event "A-O SE invitionl"]
[Site "http://www.queenalice.com/game.php?id=369191"]
[Date "2008.3.11"]
[Round "2"]
[White "AwesomO"]
[Black "Stegyre"]
[Result "1-0"]
[WhiteElo "1982"]
[BlackElo "1932"]

1. d4 Nf6 2. Nf3 e6 3. c4 b6 4. g3 Bb7 5. Bg2 Be7 6. O-O O-O 7. Nc3 d6 8. b3 Na6
9. Re1 Ne4 10. Bb2 Bf6 11. Qb1 d5 12. Nxe4 dxe4 13. Nd2 e3 14. Bxb7 exd2 15. Rd1
Bxd4 16. Rxd2 Bxf2+ 17. Kxf2 Qxd2 18. Bxa6 Rab8 19. Be5 Qa5 20. Bb5 Rbc8 21. Qb2
f6 22. b4 fxe5+ 23. Ke1 Qxb5 24. cxb5 e4 25. Qe5 Rf6 26. Rc1 Rcf8 27. Rxc7 e3
28. Qxe3 h6 29. Qc3 Kh7 30. Qd3+ Kg8 31. Qd7 R8f7 32. Qc6 e5 33. Qa8+ Rf8 34.
Qxa7 R8f7 35. Rxf7 Rxf7 36. Qxb6 e4 37. a4 Kh7 38. a5 Rf8 39. a6 Re8 40. a7 e3
41. Qc6 1-0

[Event "A-O SE invitionl"]
[Site "http://www.queenalice.com/game.php?id=422061"]
[Date "2008.6.23"]
[Round "3"]
[White "AwesomO"]
[Black "col"]
[Result "0-1"]
[WhiteElo "1980"]
[BlackElo "2109"]

1. e4 c5 2. Nf3 d6 3. d3 Nf6 4. Be3 g6 5. c4 Bg7 6. Qd2 Nc6 7. Nc3 Ng4 8. Bf4
Nge5 9. Bh6 Nxf3+ 10. gxf3 Nd4 11. O-O-O Nxf3 12. Qf4 e5 13. Qe3 Bxh6 14. Qxh6
Qg5+ 15. Qxg5 Nxg5 16. Nd5 Rb8 17. h4 Nf3 18. Bg2 Nd4 19. Rdf1 Be6 20. Nc7+ Kd7
21. Nxe6 fxe6 22. Kd1 Rhf8 23. h5 g5 24. h6 b5 25. cxb5 Rxb5 26. Kc1 Rfb8 27. b3
a5 28. Kb2 a4 29. Rb1 axb3 30. axb3 Rxb3+ 31. Kc1 Rxb1+ 32. Kd2 R8b2+ 33. Ke3
Re2# 0-1